[Event "Corr"]
[Site "?"]
[Date "1994.??.??"]
[Round "?"]
[White "Kauppala Pekka"]
[Black "Fries-Nielsen Niels Jorgen"]
[Result "0-1"]
[WhiteElo "2615"]
[BlackElo "2645"]
[PlyCount "102"]
[EventDate "1994.??.??"]
[Source "www.chesslib.no"]
[SourceDate "2004.05.04"]

1. g3 Nf6 2. Bg2 e6 3. d3 d5 4. Nd2 Bc5 5. e3 e5 6. Ne2 c6 7. b3 Qe7 8. a3 Bf5 9. Bb2 Nbd7 10. h3 h5 11. b4 Bb6 12. e4 Bg6 13. c4 a5 14. c5 Bc7 15. O-O O-O 16. Qc2 Rfe8 17. Nc3 dxe4 18. dxe4 h4 19. g4 b6 20. Na4 b5 21. Nc3 Nf8 22. Rfe1 Ne6 23. Ne2 Nd5 24. Qb3 a4 25. Qc2 Bh7 26. Nf1 Ng5 27. Nd2 Rad8 28. Rad1 Nf6 29. Bc3 Rd7 30. f3 Red8 31. Nf1 Nd5 32. Bd2 Nf4 33. Bxf4 exf4 34. Nc3 Qe5 35. Nh2 Rxd1 36. Rxd1 Rxd1+ 37. Nxd1 Qd4+ 38. Kh1 Be5 39. Qc1 f6 40. Nf1 Bg6 41. Nd2 Bf7 42. Bf1 Bb3 43. Bg2 Qd3 44. Bf1 Qc2 45. Qxc2 Bxc2 46. Be2 Nxh3 47. Kg2 Ng5 48. Kf1 h3 49. Kg1 Bd4+ 50. Kh2 Kf7 51. e5 fxe5 0-1

[Event "Corr"]
[Site "?"]
[Date "1994.??.??"]
[Round "?"]
[White "Kauppala Pekka"]
[Black "Millican Peter J R"]
[Result "1/2-1/2"]
[WhiteElo "2615"]
[BlackElo "2610"]
[PlyCount "60"]
[EventDate "1994.??.??"]
[Source "www.chesslib.no"]
[SourceDate "2004.05.04"]

1. g3 d5 2. Bg2 c6 3. b3 e5 4. Bb2 Bd6 5. f4 Qe7 6. Nf3 Nd7 7. e3 Ngf6 8. Qe2 O-O 9. Nc3 Re8 10. O-O-O e4 11. Nh4 Nf8 12. h3 Ba3 13. g4 a5 14. g5 b5 15. gxf6 Bxb2+ 16. Kxb2 Qxf6 17. Qh5 b4 18. a4 Rb8 19. Rhg1 bxc3+ 20. dxc3 Nd7 21. Bf1 Nb6 22. Ra1 Bxh3 23. Be2 Be6 24. f5 Bd7 25. Rg3 Kh8 26. Rag1 Nxa4+ 27. Kc1 Qxc3 28. Qxf7 Qa1+ 29. Kd2 Qc3+ 30. Kc1 Qa1+ 1/2-1/2

[Event "Bern Cup"]
[Site "Bern"]
[Date "1996.??.??"]
[Round "3"]
[White "Hickl, Joerg"]
[Black "Epishin, Vladimir"]
[Result "1/2-1/2"]
[WhiteElo "2580"]
[BlackElo "2645"]
[PlyCount "104"]
[EventDate "1996.??.??"]
[Source "ChessBase"]

1. g3 Nf6 2. Bg2 e5 3. d3 Bc5 4. Nf3 d6 5. O-O O-O 6. c3 Bb6 7. Nbd2 c6 8. e4 Re8 9. b4 a5 10. Bb2 Bc7 11. Qc2 Nbd7 12. a3 Nf8 13. Rfe1 Bg4 14. h3 Bh5 15. d4 axb4 16. cxb4 N6d7 17. Rac1 Bb6 18. Qb3 Qf6 19. d5 Rec8 20. Rf1 Ba7 21. a4 Qe7 22. Nh4 g6 23. a5 Be2 24. Rfe1 Bb5 25. Nhf3 Nf6 26. Nh2 Qd7 27. Ndf1 c5 28. Ne3 cxb4 29. Qxb4 Rxc1 30. Rxc1 Bxe3 31. fxe3 Ba6 32. Ba3 Ne8 33. Ng4 f6 34. Qc3 h5 35. Nf2 g5 36. Bf3 Qh7 37. Bd1 h4 38. g4 Qd7 39. Qb4 Rc8 40. Ba4 Rxc1+ 41. Bxc1 Qc8 42. Ba3 Nd7 43. Bb5 Bxb5 44. Qxb5 Kf7 45. Kg2 Ke7 46. Kf3 Nb8 47. Ke2 Na6 48. Kd2 Nec7 49. Qb6 Ne8 50. Qb5 Nac7 51. Qb6 Na8 52. Qb5 Nac7 1/2-1/2

[Event "Las Vegas NV"]
[Site "?"]
[Date "1998.12.28"]
[Round "4"]
[White "Gufeld Eduard"]
[Black "Kacheishvili Giorgi"]
[Result "1/2-1/2"]
[WhiteElo "2560"]
[BlackElo "2660"]
[PlyCount "70"]
[EventDate "1998.??.??"]
[Source "www.chesslib.no"]
[SourceDate "2004.05.04"]

1. g3 d5 2. Bg2 c6 3. d3 Nf6 4. Nd2 Bg4 5. h3 Be6 6. e4 dxe4 7. dxe4 g6 8. Ngf3 Bg7 9. Ng5 Bc8 10. O-O O-O 11. Qe2 Na6 12. Nc4 h6 13. Rd1 Nd7 14. Nf3 b5 15. Ne3 Nac5 16. Ng4 h5 17. Nh6+ Kh8 18. Nf5 gxf5 19. exf5 Qe8 20. Nh4 Nf6 21. Be3 Nce4 22. g4 hxg4 23. hxg4 Nd6 24. g5 Nh7 25. f6 exf6 26. Rxd6 fxg5 27. Bxc6 Qe7 28. Rg6 Rg8 29. Bxa8 gxh4 30. Rg2 Bh3 31. Rxg7 Rxg7+ 32. Kh1 Bc8 33. Rg1 Bb7+ 34. Bxb7 Qxb7+ 35. f3 f6 1/2-1/2

[Event "Masters"]
[Site "Abu Dhabi"]
[Date "2004.08.23"]
[Round "9"]
[White "Minasian, Artashes"]
[Black "Kobalija, Mihail"]
[Result "0-1"]
[WhiteElo "2584"]
[BlackElo "2618"]
[PlyCount "56"]
[EventDate "2004.08.14"]
[Source "Roberto Alvarez"]
[SourceDate "2004.08.30"]

1. g3 d5 2. Bg2 Nf6 3. d3 c6 4. Nd2 e5 5. e4 dxe4 6. dxe4 Qc7 7. Ngf3 Bg4 8. h3 Bh5 9. Qe2 Nbd7 10. a4 Bc5 11. a5 O-O 12. g4 Bg6 13. Nh4 Rfe8 14. Nxg6 hxg6 15. h4 Nf8 16. Nb3 Bd6 17. h5 b5 18. h6 Ne6 19. hxg7 Nh7 20. Qf3 Kxg7 21. Bh6+ Kg8 22. Be3 Rac8 23. g5 Nf4 24. Qg3 Bf8 25. Qh2 f6 26. gxf6 Re6 27. Nc5 Bxc5 28. Bxc5 Rxf6 0-1

[Event "SUI-chT"]
[Site "Biel/Luzern/Zuerich/Bern"]
[Date "2004.02.29"]
[Round "1.1"]
[White "Hickl, Joerg"]
[Black "Bauer, Christian"]
[Result "1/2-1/2"]
[WhiteElo "2591"]
[BlackElo "2610"]
[PlyCount "100"]
[EventDate "2004.02.29"]
[Source "Roberto Alvarez"]
[SourceDate "2004.06.07"]

1. g3 e5 2. Bg2 d5 3. d3 Nf6 4. Nf3 Bd6 5. Nc3 c6 6. e4 O-O 7. O-O Re8 8. exd5 cxd5 9. Bg5 d4 10. Nd5 Be7 11. Nxe7+ Qxe7 12. Re1 Nc6 13. Nxe5 Nxe5 14. f4 Bg4 15. Qd2 Nf3+ 16. Bxf3 Qd7 17. Qf2 Bxf3 18. Qxf3 Ng4 19. f5 Ne5 20. Qf2 f6 21. Bf4 Qxf5 22. Bxe5 Qxf2+ 23. Kxf2 Rxe5 24. Rxe5 fxe5 25. Re1 Re8 26. c3 dxc3 27. bxc3 Kf7 28. Ke3 Rc8 29. c4 Ke6 30. Rf1 Rc5 31. Rb1 Rc7 32. a4 b6 33. a5 Rc6 34. axb6 axb6 35. Ke4 Rd6 36. Ra1 Rd4+ 37. Ke3 h5 38. Ra6 Rd6 39. h3 g6 40. Ra7 Kf6 41. Rc7 Kf5 42. Rf7+ Ke6 43. Rf1 Rd4 44. Ra1 Rd6 45. Ra6 Ke7 46. g4 hxg4 47. hxg4 Ke6 48. g5 Rc6 49. Ke4 Rd6 50. Ke3 Rc6 1/2-1/2

[Event "Abu Dhabi"]
[Site "?"]
[Date "2004.??.??"]
[Round "?"]
[White "Minasian, Art"]
[Black "Kobalia, M."]
[Result "0-1"]
[WhiteElo "2580"]
[BlackElo "2615"]
[PlyCount "88"]
[EventDate "2004.??.??"]
[Source "Chess Informant"]
[SourceDate "2004.06.01"]

1. g3 d5 2. Bg2 Nf6 3. d3 c6 4. Nd2 e5 5. e4 dxe4 6. dxe4 Qc7 7. Ngf3 Bg4 8. h3 Bh5 9. Qe2 Nbd7 10. a4 Bc5 11. a5 O-O 12. g4 Bg6 13. Nh4 Rfe8 14. Nxg6 hxg6 15. h4 Nf8 16. Nb3 Bd6 17. h5 b5 18. h6 Ne6 19. hxg7 Nh7 20. Qf3 Kxg7 21. Bh6+ Kg8 22. Be3 Rad8 23. g5 Nf4 24. Qg3 Bf8 25. Qh2 f6 26. gxf6 Re6 27. Nc5 Bxc5 28. Bxc5 Rxf6 29. Bh3 Rf7 30. Bg4 Rg7 31. Qg3 Nf6 32. Qb3+ Rf7 33. Be6 Nxe6 34. Qxe6 Kg7 35. Qh3 Nh5 36. Be3 Qe7 37. c3 b4 38. Qg4 Nf4 39. Kf1 bxc3 40. bxc3 Rd3 41. Qc8 Rf8 42. Qxc6 Qd8 43. Bxf4 Rxf4 44. Rb1 Rd1+ 0-1

[Event "Corr"]
[Site "?"]
[Date "1994.??.??"]
[Round "?"]
[White "Kauppala Pekka"]
[Black "Bern Ivar"]
[Result "1-0"]
[WhiteElo "2615"]
[BlackElo "2580"]
[PlyCount "71"]
[EventDate "1994.??.??"]
[Source "www.chesslib.no"]
[SourceDate "2004.05.04"]

1. g3 d5 2. Bg2 e5 3. c4 d4 4. b4 c6 5. a3 a5 6. b5 cxb5 7. cxb5 a4 8. d3 Be6 9. Nd2 Bd5 10. Ngf3 Nd7 11. O-O Bc5 12. Qc2 Qe7 13. Nc4 Ngf6 14. Bg5 O-O 15. Bxf6 gxf6 16. Nh4 Bxg2 17. Kxg2 Qe6 18. e4 Rfc8 19. f4 Nb6 20. Nxb6 Bxb6 21. Qe2 Bc5 22. fxe5 fxe5 23. Rf5 Bf8 24. Raf1 Rc7 25. b6 Qxb6 26. Qg4+ Bg7 27. Rf6 Qb2+ 28. R1f2 Rc2 29. Rxf7 Rxf2+ 30. Rxf2 Qb6 31. Nf5 Qf6 32. Nxg7 Qxg7 33. Qe6+ Kh8 34. Rf7 Qg5 35. h4 Qd2+ 36. Kh3 1-0

[Event "32nd TCh-GRE"]
[Site "Kallithea Chalkidiki"]
[Date "2003.07.11"]
[Round "9"]
[White "Hickl, Joerg"]
[Black "Macieja, Bartlomiej"]
[Result "1/2-1/2"]
[WhiteElo "2560"]
[BlackElo "2627"]
[PlyCount "160"]
[EventDate "2003.07.04"]
[Source "Roberto Alvarez"]
[SourceDate "2003.07.14"]

1. g3 e5 2. Bg2 d5 3. d3 c6 4. Nf3 Bd6 5. e4 Nf6 6. Nc3 h6 7. O-O O-O 8. Re1 Re8 9. h3 d4 10. Nb1 c5 11. a4 Nc6 12. Nh2 a6 13. f4 Bd7 14. Rf1 b5 15. Nd2 Rc8 16. b3 Nb4 17. axb5 axb5 18. Ndf3 Nc6 19. Rf2 c4 20. bxc4 bxc4 21. fxe5 Nxe5 22. Bf4 Qc7 23. Ra6 Nxf3+ 24. Qxf3 Be5 25. Bxe5 Qxe5 26. Qf4 Qxf4 27. gxf4 cxd3 28. cxd3 Bb5 29. Rd6 Bxd3 30. e5 Ne4 31. Bxe4 Bxe4 32. Rxd4 Bf5 33. Kg2 Rc3 34. Rf3 Rxf3 35. Nxf3 Ra8 36. h4 Kh7 37. Nd2 Kg6 38. Nf1 Ra2+ 39. Kg3 Kh5 40. Ne3 Ra3 41. Kf2 g6 42. Nxf5 gxf5 43. Rd6 Kg4 44. Rxh6 Kxf4 45. e6 Ra2+ 46. Kg1 Kg3 47. Kf1 Kf3 48. Kg1 Kg3 49. Kf1 fxe6 50. Rxe6 f4 51. Rf6 Ra1+ 52. Ke2 Ra2+ 53. Kf1 Rh2 54. Rf8 Rh1+ 55. Ke2 Rh2+ 56. Kf1 Rxh4 57. Kg1 Rh7 58. Kf1 Ra7 59. Rf6 Ra1+ 60. Ke2 Ra2+ 61. Kf1 Rf2+ 62. Kg1 Rb2 63. Kf1 Kf3 64. Kg1 Rb1+ 65. Kh2 Rf1 66. Rc6 Re1 67. Rf6 Re4 68. Kg1 Re1+ 69. Kh2 Re8 70. Kg1 Rg8+ 71. Kf1 Kg3 72. Rf7 Rc8 73. Rf6 Rc1+ 74. Ke2 Rc2+ 75. Kf1 Kf3 76. Kg1 Rc1+ 77. Kh2 Rf1 78. Ra6 Rf2+ 79. Kg1 Re2 80. Rf6 Re1+ 1/2-1/2

[Event "Chess Classics Masters"]
[Site "Frankfurt"]
[Date "1998.06.17"]
[Round "4"]
[White "Beim, Valery"]
[Black "Jussupow, Artur"]
[Result "1/2-1/2"]
[WhiteElo "2555"]
[BlackElo "2630"]
[PlyCount "99"]
[EventDate "1998.06.17"]
[Source "ChessBase"]
[SourceDate "1998.09.09"]

1. g3 d5 2. d3 e5 3. Nf3 Bd6 4. e4 c6 5. Bg2 Bg4 6. h3 Bh5 7. O-O Ne7 8. Nbd2 O-O 9. c3 Nd7 10. d4 exd4 11. cxd4 dxe4 12. Nxe4 Bc7 13. Re1 Nd5 14. Qb3 Bb6 15. Nd6 Qc7 16. Nc4 Rfe8 17. Rxe8+ Rxe8 18. Nxb6 Qxb6 19. Qxb6 N7xb6 20. g4 Bg6 21. b3 Nb4 22. Bd2 Nc2 23. Rd1 Nd5 24. Ne5 Nxd4 25. Nxg6 hxg6 26. Bxd5 cxd5 27. Be3 Ne2+ 28. Kf1 Nc3 29. Rd3 Nxa2 30. Rxd5 a6 31. Bd2 Rc8 32. Rd7 b5 33. Rd6 Nc1 34. b4 Nb3 35. Be1 Rc1 36. Ke2 Ra1 37. Rd8+ Kh7 38. Rd7 f6 39. Bc3 Ra2+ 40. Ke3 Kg8 41. g5 Rc2 42. Kd3 Rxf2 43. gxf6 gxf6 44. Rd6 Nc1+ 45. Ke3 Rh2 46. Rxf6 Na2 47. Bd2 Rxh3+ 48. Ke2 Kg7 49. Rxa6 Rh2+ 50. Kd3 1/2-1/2

[Event "RUS"]
[Site "?"]
[Date "2006.04.26"]
[Round "7"]
[White "Gabrielian Artur"]
[Black "Sakaev Konstantin"]
[Result "1/2-1/2"]
[WhiteElo "2520"]
[BlackElo "2637"]
[PlyCount "103"]
[EventDate "2006.??.??"]
[Source "www.chesslib.no"]
[SourceDate "2004.05.04"]

1. g3 d5 2. d3 c5 3. Bg2 Nc6 4. Nd2 e5 5. e4 d4 6. Ngf3 Be6 7. O-O g5 8. Nc4 f6 9. c3 h5 10. cxd4 cxd4 11. a4 Nge7 12. Qb3 Rg8 13. Bd2 Rb8 14. h4 g4 15. Ne1 Nc8 16. Nc2 Nd6 17. N2a3 Be7 18. Nxd6+ Qxd6 19. Nc4 Qd7 20. Kh2 b6 21. Rac1 a6 22. Qd1 b5 23. axb5 Rxb5 24. Qa4 Nb4 25. Bxb4 Rxb4 26. Qxa6 Kf7 27. Rc2 Ra4 28. Qb6 Rb4 29. Qa5 Rgb8 30. Rfc1 R8b7 31. Nxe5+ fxe5 32. Qxe5 R4b5 33. Qh8 Bf6 34. Qh7+ Kf8 35. Rc8+ Qxc8 36. Rxc8+ Bxc8 37. Qh6+ Bg7 38. Qd6+ Kf7 39. e5 Be6 40. Bxb7 Rxb7 41. Qxd4 Rb5 42. Qa7+ Kg8 43. d4 Rxb2 44. Qe7 Bf7 45. Kg2 Re2 46. Kf1 Re4 47. Qd8+ Kh7 48. Qd7 Bg6 49. Qd5 Bf5 50. Qf7 Bg6 51. Qd5 Bf5 52. e6 1/2-1/2

[Event "Bad Homburg"]
[Site "Bad Homburg"]
[Date "1997.08.02"]
[Round "8"]
[White "Hickl, Joerg"]
[Black "Lutz, Christopher"]
[Result "1/2-1/2"]
[WhiteElo "2565"]
[BlackElo "2590"]
[PlyCount "77"]
[EventDate "1997.07.26"]
[Source "ChessBase"]
[SourceDate "1997.10.13"]

1. g3 e5 2. Bg2 d5 3. d3 Nf6 4. Nf3 Bd6 5. O-O O-O 6. Nbd2 Re8 7. e4 c6 8. b3 Nbd7 9. Bb2 Nf8 10. a3 Ng6 11. Re1 a5 12. exd5 cxd5 13. c4 d4 14. Qc2 Qc7 15. Rab1 Bf5 16. Ng5 Rab8 17. Nge4 Nxe4 18. Nxe4 Be7 19. Rec1 Bd7 20. c5 f5 21. Nd2 Bg5 22. b4 axb4 23. axb4 Bb5 24. Rd1 Bxd2 25. Rxd2 Kh8 26. Re1 Rbd8 27. Qb3 Bc6 28. Rde2 Bb5 29. Rd2 h6 30. Qd1 Kh7 31. Qf3 Ne7 32. Qxb7 Qxb7 33. Bxb7 Rb8 34. Bg2 Nc6 35. f4 Nxb4 36. Bf1 Nc6 37. Bg2 Nb4 38. Bf1 Nc6 39. Bg2 1/2-1/2

[Event "Bad Homburg"]
[Site "Bad Homburg"]
[Date "1997.??.??"]
[Round "6"]
[White "Hickl, Joerg"]
[Black "Sutovsky, Emil"]
[Result "1-0"]
[WhiteElo "2565"]
[BlackElo "2590"]
[PlyCount "101"]
[EventDate "1997.07.26"]
[Source "ChessBase"]
[SourceDate "1997.10.13"]

1. g3 e5 2. Bg2 d5 3. d3 Nc6 4. c3 a5 5. Nf3 Nf6 6. O-O Be7 7. Qc2 O-O 8. Nbd2 Re8 9. e4 Bf8 10. b3 a4 11. b4 b5 12. a3 Be6 13. Bb2 Rb8 14. Rfe1 dxe4 15. dxe4 Na7 16. Rad1 c5 17. Nxe5 Qc7 18. Nef3 cxb4 19. axb4 Bxb4 20. e5 Nd7 21. Ng5 g6 22. Nxe6 fxe6 23. Ne4 Be7 24. Bh3 Nf8 25. Nf6+ Bxf6 26. exf6 Nc6 27. Ba3 Ne5 28. Qe4 Nf7 29. Qe3 Rbd8 30. Rxd8 Qxd8 31. Be7 Qc7 32. Bf1 Qc6 33. h4 Nd6 34. Bg2 Qa6 35. g4 Nc8 36. Bxf8 Rxf8 37. Qxe6+ Qxe6 38. Rxe6 Rd8 39. Ra6 Nd6 40. Ra7 Nc4 41. g5 Ne5 42. Ra5 Kf7 43. Rxb5 Rd1+ 44. Kh2 Ke6 45. Ra5 Rd3 46. Bh3+ Kd6 47. Kg2 Nf3 48. Rxa4 Rxc3 49. f7 Ne1+ 50. Kf1 Ke7 51. Ra7+ 1-0

[Event "Belgrade Trako"]
[Site "Belgrade"]
[Date "1995.??.??"]
[Round "8"]
[White "Damljanovic, Branko"]
[Black "Komarov, Dimitri"]
[Result "0-1"]
[WhiteElo "2575"]
[BlackElo "2575"]
[PlyCount "78"]
[EventDate "1995.03.??"]
[Source "ChessBase"]

1. g3 d5 2. Bg2 e5 3. d3 c6 4. Nf3 Bd6 5. e4 Ne7 6. O-O Bg4 7. h3 Bh5 8. Qe1 dxe4 9. dxe4 Nd7 10. Nbd2 b5 11. Nh4 O-O 12. Nf5 Bc7 13. a4 Bg6 14. g4 Nc5 15. b3 Ne6 16. Ba3 Re8 17. Rd1 Nd4 18. c3 Nc2 19. Bxe7 Qd3 20. Nb1 Nxe1 21. Rfxe1 Qc2 22. Bc5 Bb6 23. Bxb6 axb6 24. axb5 cxb5 25. b4 Bxf5 26. exf5 e4 27. Rd4 Ra2 28. Nd2 Qxc3 29. Rexe4 Raa8 30. Nf1 Rxe4 31. Rxe4 Rd8 32. Ne3 Kf8 33. Bf1 Rd4 34. Re5 Rf4 35. Rd5 Qe1 36. Rd8+ Ke7 37. Nd5+ Kxd8 38. Nxf4 Qxb4 39. Nd5 Qe1 0-1

[Event "Polish Extraleague"]
[Site "Lubniewice"]
[Date "2003.09.05"]
[Round "7"]
[White "Markowski, Tomasz"]
[Black "Jaracz, Pawel"]
[Result "1/2-1/2"]
[WhiteElo "2610"]
[BlackElo "2539"]
[PlyCount "69"]
[EventDate "2003.08.30"]
[Source "Roberto Alvarez"]
[SourceDate "2003.09.15"]

1. g3 b5 2. Bg2 c6 3. Nf3 g6 4. O-O Bg7 5. e4 Nf6 6. e5 Nd5 7. d3 O-O 8. Re1 d6 9. Nbd2 dxe5 10. Nxe5 Qc7 11. d4 Nd7 12. Nxd7 Bxd7 13. c3 Rfe8 14. a4 bxa4 15. Qxa4 e5 16. dxe5 Rxe5 17. Rxe5 Qxe5 18. Nf3 Qe2 19. Bd2 a6 20. Re1 Qb5 21. Qc2 Rb8 22. Bc1 a5 23. Bf1 Qc5 24. Qa4 h6 25. Nd2 Ra8 26. Nc4 Be6 27. Bd2 Nb6 28. Nxb6 Qxb6 29. Bc1 Bd5 30. h4 h5 31. Bd3 Qb3 32. Qxb3 Bxb3 33. Be3 a4 34. Bc5 Rd8 35. Bf1 1/2-1/2

[Event "European Ch Playoff, Round 2"]
[Site "playchess.com"]
[Date "2003.11.08"]
[Round "1.1"]
[White "DusanPopovic"]
[Black "ADevyatkin"]
[Result "0-1"]
[WhiteElo "2554"]
[BlackElo "2589"]
[PlyCount "110"]
[EventDate "2003.11.08"]
[Source "Roberto Alvarez"]
[SourceDate "2003.11.10"]

1. g3 d5 2. Bg2 c6 3. d3 Bg4 4. Nf3 Nd7 5. O-O e6 6. Nbd2 Bd6 7. b3 Ne7 8. Bb2 O-O 9. Qe1 Qc7 10. e4 e5 11. h3 Bh5 12. g4 Bg6 13. Nh4 dxe4 14. Nxe4 Nd5 15. Nxg6 hxg6 16. Bc1 Rae8 17. Be3 Nf4 18. Bxf4 exf4 19. Qc3 Nb6 20. d4 Nd5 21. Qd3 f5 22. Ng5 Qe7 23. Bxd5+ cxd5 24. Nf3 fxg4 25. hxg4 Qe6 26. Rfe1 Qxg4+ 27. Kf1 Qh3+ 28. Kg1 Qg4+ 29. Kf1 Kh7 30. Rxe8 Rxe8 31. Re1 Qh3+ 32. Kg1 Rxe1+ 33. Nxe1 Qxd3 34. Nxd3 b5 35. f3 g5 36. Kg2 Kg6 37. c3 Kf5 38. Nf2 Ba3 39. Kf1 Bb2 40. Ke2 Bxc3 41. Kd3 Bb4 42. Ng4 Bd6 43. a4 bxa4 44. bxa4 a6 45. Nf2 Ke6 46. Ng4 Kd7 47. Nf2 Kc6 48. Kc3 Kb6 49. Nh3 Ka5 50. Kb3 Be7 51. Nf2 Bf6 52. Nh3 g4 53. Nxf4 gxf3 54. Nxd5 Bxd4 55. Ne3 Bxe3 0-1

[Event "Elista ol (Men)"]
[Site "Elista"]
[Date "1998.10.11"]
[Round "12"]
[White "Chatalbashev, Boris"]
[Black "Piket, Jeroen"]
[Result "0-1"]
[WhiteElo "2535"]
[BlackElo "2605"]
[PlyCount "38"]
[EventDate "1998.09.29"]
[Source "ChessBase"]
[SourceDate "1998.11.06"]

1. g3 c5 2. Bg2 Nc6 3. f4 g6 4. Nf3 Bg7 5. O-O d6 6. d3 Bg4 7. e4 Qd7 8. Nc3 Nd4 9. Be3 h5 10. Qd2 Bxf3 11. Bxf3 h4 12. f5 hxg3 13. hxg3 gxf5 14. exf5 O-O-O 15. Nd5 Nxf3+ 16. Rxf3 Qc6 17. c4 e6 18. fxe6 fxe6 19. Bg5 Re8 0-1

[Event "Ch Switzerland (team) 1996/97"]
[Site "?"]
[Date "1997.??.??"]
[Round "?"]
[White "Hickl Joerg"]
[Black "Gavrikov Viktor"]
[Result "1/2-1/2"]
[WhiteElo "2565"]
[BlackElo "2575"]
[PlyCount "30"]
[EventDate "1997.??.??"]
[Source "www.chesslib.no"]
[SourceDate "2004.05.04"]

1. g3 d5 2. Bg2 g6 3. c4 e6 4. Nf3 Bg7 5. O-O Ne7 6. d4 Nbc6 7. Na3 O-O 8. e3 b6 9. Bd2 a5 10. b3 Ba6 11. Bc3 Rc8 12. Nb5 Nf5 13. Qe2 Nce7 14. Bb2 c6 15. Na3 Nd6 1/2-1/2

[Event "Corr"]
[Site "?"]
[Date "1994.??.??"]
[Round "?"]
[White "Kauppala Pekka"]
[Black "McNab Colin Anderson"]
[Result "0-1"]
[WhiteElo "2615"]
[BlackElo "2520"]
[PlyCount "84"]
[EventDate "1994.??.??"]
[Source "www.chesslib.no"]
[SourceDate "2004.05.04"]

1. g3 g6 2. Bg2 Bg7 3. d4 d6 4. f4 Nf6 5. Nc3 O-O 6. Nf3 Na6 7. O-O c5 8. d5 Nc7 9. e4 b5 10. e5 dxe5 11. d6 Qxd6 12. Qxd6 exd6 13. fxe5 dxe5 14. Nxe5 b4 15. Nb5 Nxb5 16. Bxa8 Nd4 17. Bg5 Nh5 18. Nd3 Bf5 19. Bd5 Nxc2 20. Rad1 Bf6 21. Bb3 c4 22. Bxc2 cxd3 23. Bxd3 Bxg5 24. Bxf5 Be3+ 25. Kg2 gxf5 26. Rxf5 Ng7 27. Rb5 Rc8 28. Rxb4 Bb6 29. Kf3 Ne6 30. Rg4+ Kf8 31. Rd2 h5 32. Ra4 Kg7 33. Ke2 Rc1 34. Rd1 Rc5 35. Re4 Ng5 36. Rf4 Nh3 37. Ra4 Kg6 38. Rd6+ f6 39. Kd2 Re5 40. Kc2 Nf2 41. Rd2 Ng4 42. Kc3 Bg1 0-1

[Event "Strumica"]
[Site "Strumica"]
[Date "1995.??.??"]
[Round "17"]
[White "Kurajica, Bojan"]
[Black "Rashkovsky, Nukhim N"]
[Result "1/2-1/2"]
[WhiteElo "2585"]
[BlackElo "2550"]
[PlyCount "23"]
[EventDate "1995.??.??"]
[Source "www.chesslib.no"]
[SourceDate "2004.05.04"]

1. g3 g6 2. c4 Bg7 3. Bg2 e6 4. Nc3 Ne7 5. d4 d5 6. Nf3 O-O 7. cxd5 exd5 8. Bg5 c6 9. Qd2 f6 10. Bh6 Bxh6 11. Qxh6 Nf5 12. Qd2 1/2-1/2

[Event "Ch. de"]
[Site "Ch. de Paris"]
[Date "1989.??.??"]
[Round "?"]
[White "Spraggett, Kevin B"]
[Black "Murey, Jacob I"]
[Result "1-0"]
[WhiteElo "2575"]
[BlackElo "2560"]
[PlyCount "107"]
[EventDate "1989.??.??"]
[Source "www.chesslib.no"]
[SourceDate "2004.05.04"]

1. g3 g6 2. Bg2 Bg7 3. d3 e5 4. c4 Ne7 5. Nc3 c6 6. e4 d6 7. Nge2 Be6 8. O-O O-O 9. b3 Qd7 10. d4 exd4 11. Nxd4 Bh3 12. Ba3 Bxg2 13. Kxg2 Na6 14. Nde2 Rad8 15. Rc1 Rfe8 16. Qd2 d5 17. cxd5 cxd5 18. Bxe7 Qxe7 19. exd5 b5 20. Nd4 Qb7 21. Ndxb5 Nb4 22. Rfe1 Rxe1 23. Rxe1 a6 24. Nd6 Qa8 25. Nc4 Bxc3 26. Qxc3 Qxd5+ 27. Kg1 Nxa2 28. Qf6 Nb4 29. Nd6 Qxd6 30. Re8+ Rxe8 31. Qxd6 a5 32. Qb6 Re1+ 33. Kg2 Rb1 34. Qb8+ Kg7 35. Qe5+ Kg8 36. Qc3 Rd1 37. h3 h5 38. Qc8+ Kg7 39. Qc7 Rd5 40. Qc4 Rd3 41. Kf1 Rd6 42. Qc3+ Kg8 43. Qc7 Rd5 44. Ke2 Kg7 45. f4 Rd3 46. Qe5+ Kg8 47. f5 gxf5 48. Qxa5 Rxb3 49. Qd8+ Kg7 50. Qg5+ Kf8 51. Qxh5 Nc6 52. Qh6+ Kg8 53. Qxc6 Rxg3 54. Qe8+ 1-0

[Event "Paris Ch"]
[Site "Paris FRA"]
[Date "1989.??.??"]
[Round "4"]
[White "Spraggett, Kevin B"]
[Black "Murey, Jacob I"]
[Result "1-0"]
[WhiteElo "2575"]
[BlackElo "2560"]
[PlyCount "115"]
[EventDate "1989.05.??"]
[Source "www.chesslib.no"]
[SourceDate "2004.05.04"]

1. g3 g6 2. Bg2 Bg7 3. d3 e5 4. c4 Ne7 5. Nc3 c6 6. e4 d6 7. Nge2 Be6 8. O-O O-O 9. b3 Qd7 10. d4 exd4 11. Nxd4 Bh3 12. Ba3 Bxg2 13. Kxg2 Na6 14. Nde2 Rad8 15. Rc1 Rfe8 16. Qd2 d5 17. cxd5 cxd5 18. Bxe7 Qxe7 19. exd5 b5 20. Nd4 Qb7 21. Ndxb5 Nb4 22. Rfe1 Rxe1 23. Rxe1 a6 24. Nd6 Qa8 25. Nc4 Bxc3 26. Qxc3 Qxd5+ 27. Kg1 Nxa2 28. Qf6 Nb4 29. Nd6 Qxd6 30. Re8+ Rxe8 31. Qxd6 a5 32. Qb6 Re1+ 33. Kg2 Rb1 34. Qb8+ Kg7 35. Qe5+ Kg8 36. Qe8+ Kg7 37. Qe5+ Kg8 38. Qc3 Rd1 39. Qc8+ Kg7 40. Qc3+ Kg8 41. h3 h5 42. Qc8+ Kg7 43. Qc7 Rd5 44. Qc4 Rd3 45. Kf1 Rd6 46. Qc3+ Kg8 47. Qc7 Rd5 48. Ke2 Kg7 49. f4 Rd3 50. Qe5+ Kg8 51. f5 gxf5 52. Qxa5 Rxb3 53. Qd8+ Kg7 54. Qg5+ Kf8 55. Qxh5 Nc6 56. Qh6+ Kg8 57. Qxc6 Rxg3 58. Qe8+ 1-0

[Event "Capablanca mem Elite"]
[Site "Havana"]
[Date "1999.05.08"]
[Round "2"]
[White "Arencibia, Walter"]
[Black "Morovic Fernandez, Ivan"]
[Result "1-0"]
[WhiteElo "2520"]
[BlackElo "2613"]
[PlyCount "77"]
[EventDate "1999.05.??"]
[Source "ChessBase"]
[SourceDate "1999.08.01"]

1. g3 d5 2. Bg2 c6 3. d3 e5 4. Nf3 Bd6 5. e4 Nf6 6. Nbd2 O-O 7. O-O Re8 8. b3 Nbd7 9. Bb2 a5 10. a3 dxe4 11. dxe4 Qc7 12. Nc4 Bf8 13. Nfd2 b5 14. Ne3 Nc5 15. Kh1 Ba6 16. Ng4 Nxg4 17. Qxg4 Rad8 18. Rfd1 Ne6 19. Nf3 f6 20. Ne1 Bc5 21. Rxd8 Qxd8 22. Rd1 Qe7 23. f4 exf4 24. gxf4 Bc8 25. e5 Nd4 26. Qh5 g6 27. Qh4 Nf5 28. Qxf6 Qxf6 29. exf6 Ne3 30. Ra1 Nxg2 31. Kxg2 Re2+ 32. Kg3 h5 33. Nd3 Re3+ 34. Kh4 Kh7 35. Re1 Rxe1 36. Nxe1 Kg8 37. Nf3 Bf5 38. Kg5 Bxc2 39. Ne5 1-0

[Event "Aeroflot Open"]
[Site "Moscow"]
[Date "2004.02.25"]
[Round "9"]
[White "Minasian, Artashes"]
[Black "Wu Wenjin"]
[Result "0-1"]
[WhiteElo "2582"]
[BlackElo "2548"]
[PlyCount "128"]
[EventDate "2004.02.17"]
[Source "Roberto Alvarez"]
[SourceDate "2004.03.01"]

1. g3 d5 2. Bg2 c6 3. d3 Nf6 4. Nd2 e5 5. e4 Bc5 6. Ngf3 O-O 7. O-O Re8 8. c3 dxe4 9. dxe4 h6 10. Qc2 Bg4 11. b4 Bf8 12. Nc4 Nbd7 13. h3 Bh5 14. Nh4 Re6 15. a4 Ne8 16. Nf5 Qc7 17. g4 Bg6 18. f4 Bh7 19. a5 a6 20. Qb3 c5 21. b5 axb5 22. Qxb5 Nef6 23. fxe5 Nxe5 24. Nxe5 Qxe5 25. Bf4 Qxc3 26. e5 Bxf5 27. gxf5 Rxe5 28. Qxb7 Ree8 29. Qf3 Qb4 30. Qxa8 Rxa8 31. Bxa8 Qd4+ 32. Kh1 c4 33. a6 Bc5 34. Rad1 Qb2 35. Bg2 Kh7 36. Ra1 Qd4 37. Rad1 Qb2 38. Rd8 Qa3 39. Rc8 c3 40. Bb8 Bd4 41. Rc6 c2 42. Rxc2 Qxa6 43. Bh2 Qd3 44. Rc7 Ne4 45. Rd7 Qe3 46. f6 Nf2+ 47. Rxf2 Qxf2 48. Be4+ g6 49. Rxf7+ Kg8 50. Rg7+ Kh8 51. Rxg6 Qe1+ 52. Bg1 Qxe4+ 53. Rg2 Bxf6 54. Bf2 h5 55. Kh2 Kh7 56. Bg3 Kg6 57. Bh4+ Kf7 58. Bxf6 Kxf6 59. Rf2+ Kg5 60. Kg3 Qe5+ 61. Kg2 Kh4 62. Rf3 Qg5+ 63. Kf1 Qd2 64. Rf2 Qd5 0-1

[Event "DEN-chT 0001"]
[Site "?"]
[Date "2000.11.26"]
[Round "1"]
[White "Hillarp Persson Tiger"]
[Black "Nielsen Peter Heine"]
[Result "1/2-1/2"]
[WhiteElo "2549"]
[BlackElo "2578"]
[PlyCount "80"]
[EventDate "2000.??.??"]
[Source "www.chesslib.no"]
[SourceDate "2004.05.04"]

1. g3 d5 2. Bg2 g6 3. d3 Bg7 4. c3 Nf6 5. Nf3 O-O 6. O-O Re8 7. Nbd2 e5 8. e4 dxe4 9. dxe4 b6 10. Nc4 Qxd1 11. Rxd1 Nbd7 12. Bg5 Bb7 13. Bxf6 Nxf6 14. Nfxe5 Nxe4 15. f4 Rad8 16. a4 Bf8 17. Nd7 Rxd7 18. Rxd7 Bc5+ 19. Kf1 Ba6 20. b3 Nf6 21. Rxc7 Ng4 22. Rxc5 bxc5 23. Kg1 Bxc4 24. bxc4 Re3 25. Rc1 Rd3 26. Bf1 Rd2 27. h3 Ne3 28. Re1 Nxf1 29. Kxf1 Rd3 30. Kf2 Rxc3 31. Re7 a5 32. Ra7 Rxc4 33. Rxa5 h5 34. h4 Rc3 35. Ra6 Kg7 36. Rc6 Ra3 37. Rxc5 Rxa4 38. f5 Ra2+ 39. Kf3 Ra3+ 40. Kf2 Ra2+ 1/2-1/2